The Management of a Student Research Project (Record no. 2633)

MARC details
005 - DATE AND TIME OF LATEST TRANSACTION
control field 20250524115527.0
020 ## - INTERNATIONAL STANDARD BOOK NUMBER
International Standard Book Number 0 566 00613 8
082 ## - DEWEY DECIMAL CLASSIFICATION NUMBER
Classification number LECT 378.17 HOW
100 ## - MAIN ENTRY--PERSONAL NAME
Author name HOWARD, K.
245 ## - TITLE STATEMENT
Title The Management of a Student Research Project
260 ## - PUBLICATION, DISTRIBUTION, ETC.
Place of publication, distribution, etc. Southampton,
Name of publisher, distributor, etc. Gower Publishing Company Limited,
Date of publication, distribution, etc. 1983.
300 ## - PHYSICAL DESCRIPTION
Extent xiii, 238p.: ill.; chart, figure, table.
Other physical details Bibliography & Index.
Dimensions 22cm.
700 ## - ADDED ENTRY--PERSONAL NAME
Other authors/Editors SHARP, J. A.
942 ## - ADDED ENTRY ELEMENTS (KOHA)
Source of classification or shelving scheme Dewey Decimal Classification
Koha item type Books
Holdings
Date last seen Total checkouts Full call number Barcode Cost, replacement price Price effective from Koha item type Lost status Source of classification or shelving scheme Damaged status Not for loan Withdrawn status Home library Current library Shelving location Date acquired Cost, normal purchase price
05/24/2025   LECT 378.17 HOW 0000009819 30000.00 05/24/2025 Books   Dewey Decimal Classification       College of Business Education Main Library College of Business Education Main Library General Collection 07/04/1991 10000.00